00875cam a22003254i 4500003000900000005001700009008004100026035001900067040003300086082001700119082001800136110003200154245005500186264006900241336002100310337002500331338002300356505007400379526001000453526001000463526001000473526001000483526000800493526000800501526000800509526000800517526000800525526000800533526000800541PE-LiUPU20250731173213.0150625s1968 xxu r 000 0 spa d a(Sirsi) a32550 aPE-LiUPUbspacPE-LiUPUerda04a220bW3222104a220bW32 19682 aWatchtower bible and tract.10aToda escritura es inspirada de Dios y provechosa. 1aE.E.U.U. :bInternational bible and students association,c1968. atext2rdacontent aunmediated2rdamedia avolume2rdacarrier0 aDel libro de genesis al libro de revelación -- Estudios realizados. aSEG42 aSEG41 aSEG40 aSEG39 aP94 aP87 aP86 aP85 aP77 aP76 aP35